000 00538nmm a2200181Ia 4500
008 251105s9999||||xx |||||||||||||||||und||
020 _a9788417541149
041 _aspa
100 _aSinisalo, Johanna
245 0 _aEl núcleo del sol
264 _a[Madrid, España] :
_bRoca Editorial,
_c[Fecha de publicación no identificada]
300 _a0 páginas
650 _aScience fiction & Fantasy
700 _aSinisalo, Johanna
700 1 _a Tejera, David
856 _uhttps://public.digitaliapublishing.com/a/82265
942 _cCF
999 _c71486
_d71486